000 00877nam a22002537a 4500
001 7280
003 FISKH
005 20250708090527.0
008 250708b cb ||||| |||| 00| 0 eng d
020 _a9780553480764
040 _aFISKH
_beng
_cFISKH
_dFISKH
050 _aPS3552.R877 R26
082 _a818
100 _aBryant, Bonnie
245 _aThe saddle club :
_bRanch hand /
_cBonnie Bryant
250 _aThis edition first published in 1993
260 _aNew York :
_bA Skylark,
_c1993
300 _a135 pages :
_billustrations ;
_c20 cm
520 _aWhen three friends accompany their riding instructor to New York City to attend an important horse show, they meet their favorite actor, who asks them to help him learn to ride for his latest movie.
650 _2Animals
_aYoung adult
650 _2Fiction
_aSaddle club
942 _2ddc
_cBK
_n0
999 _c7280
_d7280